000 00314nam a22001337a 4500
008 170510b xxu||||| |||| 00| 0 eng d
020 _a9780131174566
041 _aeng
080 _28 ED
_a343.9
100 _a15
101 _aSHJ
245 _aCRIMINAL JUSTICE TODAY
_cSCHMALLEGER.F
942 _2udc
_cBK
999 _c13050
_d13050